Statistics for NBA Basketball Records Quiz

Click here to take the quiz!

General Stats

  • This quiz has been taken 136,266 times
    (52,848 since last reset)
  • The average score is 17 of 23

Answer Stats

Record#WhenPlayer% Correct
Career points40,4742004–LeBron James
96%
Career scoring average30.121984–2003Michael Jordan
96%
Season scoring average50.361961–62Wilt Chamberlain
96%
Career 3-pointers made3,7472009–Stephen Curry
93%
Points in one game since 1963812006Kobe Bryant
90%
Career assists15,8061985–2003John Stockton
87%
Career triple doubles1992009–Russell Westbrook
87%
Most team wins in a season732015–16Golden State Warriors
86%
Most titles - player111957–1969Bill Russell
85%
Most MVPs won61970–1989Kareem Abdul-Jabbar
84%
Seasons played221998–2020Vince Carter
76%
Shortest MVP6'0"2001Allen Iverson
74%
Shortest player5'3"1987–2001Muggsy Bogues
74%
Career blocks3,8301985–2002Hakeem Olajuwon
72%
Career assists per game11.191980–1996Magic Johnson
68%
Most titles - coach111991–2010Phil Jackson
66%
Most 50-40-90 seasons42005–2010Steve Nash
61%
Career slam dunks *2,9502004–2022Dwight Howard
58%
Technical fouls in a season412000–01Rasheed Wallace
52%
Career 3-point %45.4%1989–2003Steve Kerr
52%
Most dunk contest wins32006–2010Nate Robinson
48%
Tallest player7'7"1993–2000Gheorghe Muresan
35%
Season 3-point %53.6%2009–10Kyle Korver
33%

Score Distribution

Percentile by Number Answered

Percent of People with Each Score

Your Score History

You have not taken this quiz since the last reset